Future of law and eTechnologies (Record no. 92205)
[ view plain ]
| 000 -LEADER | |
|---|---|
| fixed length control field | a |
| 005 - DATE AND TIME OF LATEST TRANSACTION | |
| control field | 20190628142703.0 |
| 008 - FIXED-LENGTH DATA ELEMENTS--GENERAL INFORMATION | |
| fixed length control field | 190622b ||||| |||| 00| 0 eng d |
| 020 ## - INTERNATIONAL STANDARD BOOK NUMBER | |
| International Standard Book Number | 9783319268941 |
| 080 ## - UNIVERSAL DECIMAL CLASSIFICATION NUMBER | |
| Universal Decimal Classification number | 347.77 |
| Item number | KER |
| 245 ## - TITLE STATEMENT | |
| Title | Future of law and eTechnologies |
| 260 ## - PUBLICATION, DISTRIBUTION, ETC. (IMPRINT) | |
| Name of publisher, distributor, etc | Springer |
| Place of publication, distribution, etc | Switzerland |
| Date of publication, distribution, etc | 2016 |
| 300 ## - PHYSICAL DESCRIPTION | |
| Extent | x, 233p |
| 500 ## - GENERAL NOTE | |
| General note | This book presents groundbreaking discussions on e-residency,cryptocurrencies, scams, smart contracts, 3D printing, software agents, digital evidence and e-governance at the intersection of law, legal policies and modern technologies |
| 653 ## - INDEX TERM--UNCONTROLLED | |
| Uncontrolled term | Cyber Law |
| 653 ## - INDEX TERM--UNCONTROLLED | |
| Uncontrolled term | Intellectual property |
| 653 ## - INDEX TERM--UNCONTROLLED | |
| Uncontrolled term | Digital evidence |
| 653 ## - INDEX TERM--UNCONTROLLED | |
| Uncontrolled term | Smart contracts |
| 700 ## - ADDED ENTRY--PERSONAL NAME | |
| Personal name | Kerikmae, Tanel Ed. by. |
| 700 ## - ADDED ENTRY--PERSONAL NAME | |
| Personal name | Rull, Addi Ed. by. |
| 942 ## - ADDED ENTRY ELEMENTS (KOHA) | |
| item type | Books |
| Lost status | Source of classification or shelving scheme | Not for loan | Home library | Current library | Date acquired | Cost, normal purchase price | Total Checkouts | Full call number | Barcode | Date last seen | Cost, replacement price | Price effective from | Koha item type |
|---|---|---|---|---|---|---|---|---|---|---|---|---|---|
| Universal Decimal Classification | University Library | University Library | 12/03/2018 | 0.00 | 347.77 KER | 00081259 | 12/03/2018 | 0.00 | 12/03/2018 | Books |
